[Event "World op 51st"]
[Site "Philadelphia"]
[Date "2023.07.03"]
[Round "6"]
[White "Hoffman, Luc"]
[Black "Kumar, Sriram"]
[Result "1-0"]
[WhiteElo "1893"]
[BlackElo "1619"]
[PlyCount "149"]
[EventDate "2023.06.30"]
[EventType "swiss"]
[EventRounds "9"]
[EventCountry "USA"]
[SourceTitle "CBM 215 Extra"]
[Source "ChessBase"]
[SourceDate "2023.09.30"]
[SourceVersion "1"]
[SourceVersionDate "2023.09.30"]
[SourceQuality "1"]

1. d4 Nf6 2. Bg5 Ne4 3. h4 c5 4. d5 Qb6 5. Nd2 Nxg5 6. hxg5 Qxb2 7. g6 Qf6 8. gxf7+ Qxf7 9. e4 g6 10. Ngf3 Bg7 11. Rb1 b6 12. Bd3 Bc3 13. Rb3 Qg7 14. 0-0 Ba6 15. Qe2 Bxd3 16. Qxd3 Bxd2 17. Qxd2 0-0 18. e5 Na6 19. Re1 Rf5 20. Rbe3 Qh6 21. Qd3 Nb4 22. Qc4 Rf4 23. Re4 Raf8 24. a3 Rxe4 25. Qxe4 Rf4 26. Qe2 Nxd5 27. Qd2 e6 28. c4 Rh4 29. Qxh6 Rxh6 30. cxd5 exd5 31. e6 dxe6 32. Rxe6 Rh5 33. Re8+ Kf7 34. Ra8 Ke6 35. g4 Rh6 36. Rxa7 Kd6 37. a4 c4 38. Ra6 Kc5 39. a5 b5 40. g5 Rh5 41. Ra8 b4 42. Rb8 c3 43. Ne1 Rxg5+ 44. Kf1 Rf5 45. a6 Rf7 46. Rb7 Rf6 47. Nd3+ Kc4 48. Nxb4 c2 49. Nxc2 Rxa6 50. Rxh7 Rd6 51. Rc7+ Kd3 52. Nb4+ Ke4 53. Ke2 g5 54. Nc2 d4 55. Re7+ Kf4 56. Kd3 g4 57. Nxd4 Ra6 58. Rf7+ Kg5 59. Ke4 Ra2 60. Ne6+ Kh5 61. Nf4+ Kg5 62. Ke3 Ra3+ 63. Ke2 g3 64. f3 Ra2+ 65. Ke3 Ra3+ 66. Nd3 Ra2 67. Rg7+ Kh4 68. Rg4+ Kh3 69. Nf4+ Kh2 70. Rh4+ Kg1 71. Ke4 Ra4+ 72. Kf5 Ra5+ 73. Kg4 g2 74. Nxg2 Kxg2 75. f4 1-0

[Event "North American Blitz op 30th"]
[Site "ICC INT"]
[Date "2020.12.31"]
[Round "8"]
[White "Faitelson, Nevo"]
[Black "Kumar, Sriram"]
[Result "1/2-1/2"]
[WhiteElo "1706"]
[BlackElo "1630"]
[PlyCount "115"]
[EventDate "2020.12.31"]
[EventType "swiss (blitz)"]
[EventRounds "11"]
[EventCountry "USA"]
[SourceTitle "CBM 200 Extra"]
[Source "ChessBase"]
[SourceDate "2021.03.31"]
[SourceVersion "1"]
[SourceVersionDate "2021.03.31"]
[SourceQuality "1"]

1. d4 Nf6 2. c4 g6 3. Nc3 Bg7 4. e4 d6 5. Nf3 0-0 6. Be2 e5 7. dxe5 dxe5 8. 0-0 Nbd7 9. h3 c6 10. Be3 Qc7 11. Qd2 Nb6 12. Rad1 Be6 13. b3 Rad8 14. Qc2 Nfd7 15. Ng5 Rfe8 16. Nxe6 Rxe6 17. Bg4 Ree8 18. Bg5 f6 19. Be3 Nf8 20. Rxd8 Rxd8 21. Rd1 Kf7 22. c5 Nbd7 23. b4 Ne6 24. Qb3 Ndf8 25. Rxd8 Qxd8 26. b5 h5 27. Bxe6+ Nxe6 28. bxc6 bxc6 29. Qb7+ Qc7 30. Qxc7+ Nxc7 31. Na4 Bf8 32. Nb2 Na6 33. Nd3 Ke6 34. f3 f5 35. Kf2 f4 36. Bc1 Nxc5 37. Nxc5+ Bxc5+ 38. Ke2 Bb4 39. Kd3 Kf6 40. Kc4 Bd6 41. Bd2 Kg5 42. Be1 Kf6 43. Bf2 g5 44. Bxa7 g4 45. hxg4 hxg4 46. fxg4 Kg5 47. Bc5 Bc7 48. a4 Kxg4 49. Bf2 Ba5 50. Kc5 f3 51. gxf3+ Kxf3 52. Bg1 Kxe4 53. Kxc6 Kf3 54. Kb5 Be1 55. Bc5 e4 56. a5 Bxa5 57. Kxa5 e3 58. Bxe3 1/2-1/2

[Event "North American Blitz op 30th"]
[Site "ICC INT"]
[Date "2020.12.31"]
[Round "6"]
[White "Singh, Hersh"]
[Black "Kumar, Sriram"]
[Result "1-0"]
[WhiteElo "2131"]
[BlackElo "1630"]
[PlyCount "49"]
[EventDate "2020.12.31"]
[EventType "swiss (blitz)"]
[EventRounds "11"]
[EventCountry "USA"]
[SourceTitle "CBM 200 Extra"]
[Source "ChessBase"]
[SourceDate "2021.03.31"]
[SourceVersion "1"]
[SourceVersionDate "2021.03.31"]
[SourceQuality "1"]

1. d4 Nf6 2. c4 g6 3. Nc3 Bg7 4. e4 d6 5. f3 Nbd7 6. Nge2 0-0 7. Bg5 c5 8. d5 a6 9. a4 Qa5 10. Ng3 Qb4 11. Qc2 Ne5 12. Ra3 h6 13. Bd2 Qb6 14. Be2 e6 15. Be3 exd5 16. cxd5 Bd7 17. 0-0 Rae8 18. h3 Nh7 19. f4 Bxh3 20. gxh3 Nd7 21. Bf2 Qd8 22. Kh2 Qh4 23. Qd2 g5 24. Nh5 Bxc3 25. Rxc3 1-0